[Event "25th Belgrade Trophy"]
[Site "Obrenovac SRB"]
[Date "2011.11.29"]
[Round "6.16"]
[White "Skare,G"]
[Black "Drenchev,P"]
[Result "0-1"]
[WhiteElo "2323"]
[BlackElo "2499"]

1.d4 Nf6 2.c4 e6 3.Nc3 Bb4 4.f3 c5 5.d5 exd5 6.cxd5 d6 7.e4 O-O 8.Bg5 Re8
9.Qd2 a6 10.a3 Ba5 11.Rb1 h6 12.Be3 Nbd7 13.b4 Bb6 14.Nh3 cxb4 15.axb4 Bxe3
16.Qxe3 Nb6 17.Rd1 Bxh3 18.gxh3 Rc8 19.Qd4 Nh5 20.Rd2 Qh4+ 21.Kd1 Nd7 22.Rg1 Ne5
23.Qe3 Qf4 24.Re2 Qxf3 25.Kc2 Rc7 26.Bg2 Qxe3 27.Rxe3 Nf4 28.Bf1 Rec8 29.Rgg3 f5
30.exf5 Nxd5 31.Kb3 Nxe3 32.Rxe3 Rxc3+ 33.Rxc3 Rxc3+ 34.Kxc3 Kf7 35.Bg2 Nc6
36.Kc4 Kf6 37.Kd5 Nxb4+ 38.Kxd6 b6 39.Kc7 a5 40.Kxb6 a4  0-1

[Event "Vizag GM Open"]
[Site "Visakhapatnam IND"]
[Date "2011.11.29"]
[Round "9"]
[White "Grover,S"]
[Black "Laxman,R"]
[Result "1-0"]
[WhiteElo "2515"]
[BlackElo "2431"]

1.d4 Nf6 2.c4 e6 3.Nc3 Bb4 4.f3 d5 5.a3 Bxc3+ 6.bxc3 c6 7.Qc2 O-O 8.e4 dxe4
9.fxe4 e5 10.Nf3 Nbd7 11.Bd3 c5 12.O-O h6 13.d5 Ne8 14.Qf2 Qe7 15.Qg3 Kh7
16.Nh4 Nd6 17.Ra2 b6 18.Re2 Ba6 19.Nf5 Nxf5 20.exf5 f6 21.Re4 Qf7 22.Rf3 Rh8
23.Qh4 Kg8 24.Rg3 Kf8 25.Be2 Ke7 26.Bh5 Qf8 27.Reg4 Rh7 28.Bg6 Rh8 29.Qh5 Kd6
30.Bf7 Rh7 31.Be6 Qe7 32.Qg6 Rah8 33.Qxg7 Rxg7 34.Rxg7 Qd8 35.Rxd7+ Qxd7
36.Bxd7 Kxd7 37.Rg7+ Kd6 38.Rxa7 Bxc4 39.Rf7 Kxd5 40.Rxf6 Ke4 41.Bxh6 b5
42.Bf8 Kd5 43.h3 Rh7 44.Kf2 e4 45.Rd6+ Ke5 46.f6 Kf4 47.g3+ Kf5 48.Bg7 Kg5
49.Rd7 Kg6 50.h4 Rh5 51.Ke3 Bd3 52.Rxd3 exd3 53.Kxd3 c4+ 54.Ke4 Rf5 55.g4 Rf1
56.h5+ Kg5 57.Ke5 Rf3 58.Ke6 Re3+ 59.Kd7 Rf3 60.Kc6 b4 61.axb4 Rxc3 62.f7  1-0

[Event "45th ch-RSA 2011"]
[Site "Cape Town RSA"]
[Date "2011.11.30"]
[Round "6"]
[White "Van Rensburg,R"]
[Black "Klaasen,C"]
[Result "1-0"]
[WhiteElo "2103"]
[BlackElo "2093"]

1.d4 Nf6 2.c4 e6 3.Nc3 Bb4 4.f3 c5 5.d5 O-O 6.Nh3 d6 7.Nf2 b5 8.e4 bxc4 9.Bxc4 exd5
10.Bxd5 Nxd5 11.Qxd5 Qb6 12.O-O Nc6 13.Qxd6 Nd4 14.Qxb6 axb6 15.Bd2 Be6 16.a3 Nb3
17.Rad1 Nxd2 18.Rxd2 Bxc3 19.bxc3 Rxa3 20.Rb1 Bb3 21.Ng4 b5 22.Ne3 Rfa8 23.Kf2 Kf8
24.Rbb2 Ra2 25.Ke2 g6 26.Rxb3 Rxd2+ 27.Kxd2 Ra2+ 28.Nc2 b4 29.cxb4  1-0

[Event "Vizag GM Open"]
[Site "Visakhapatnam IND"]
[Date "2011.12.01"]
[Round "11"]
[White "Krishna,CRG"]
[Black "Laxman,R"]
[Result "1/2-1/2"]
[WhiteElo "2305"]
[BlackElo "2431"]

1.d4 Nf6 2.c4 e6 3.Nc3 Bb4 4.f3 c5 5.a3 Ba5 6.e3 b6 7.Bd2 O-O 8.Bd3 d5 9.cxd5 cxd4
10.exd4 Bxc3 11.bxc3 exd5 12.Ne2 Ba6 13.Bxa6 Nxa6 14.O-O Nb8 15.Qa4 Qe8 16.Qxe8 Rxe8
17.Rfe1 Nbd7 18.a4 a5 19.g4 h6 20.h4 Nf8 21.Nf4 Ng6 22.Nxg6 fxg6 23.Rxe8+ Rxe8
24.Kf2 Kf7 25.Rb1 Nd7 26.Bf4 Rc8 27.Rb3 Rc4 28.Ra3 Ke6 29.Ke3 h5 30.g5 Kf5
31.Bg3 Ke6 32.Kd3 Ke7 33.Ra1 Kd8 34.Kc2 Rc6 35.Re1 Rc4 36.Kb3 Rc6 37.Re2 Nf8
38.Re5 Rd6 39.Re8+ Kxe8 40.Bxd6 Ne6 41.Be5 Kd7 42.c4 Kc6 43.Kc3 Nd8 44.Bxg7 Kd6
45.Be5+ Ke6 46.Bc7 Nc6 47.cxd5+ Kxd5 48.Bxb6 Ne7 49.Bxa5 Nf5 50.Kd3 Nxd4
51.Ke3 Nf5+ 52.Kf4 Nxh4 53.Bd2 Nf5 54.a5 Nd4 55.Kg3 Nf5+ 56.Kf4 Nd4 57.Kg3 Nf5+
58.Kf2 Kc5 59.f4 Kb5 60.Kf3 Kc5 61.Be1 Kb5 62.Bc3 Nd6 63.Bd2 Nf5 64.Be1 Nd6
65.Ke3 h4 66.Kf3 Nf5 67.Kg4 Ka6 68.Bxh4 Kxa5 69.Bf2 Kb5 70.Kf3 Kc6 71.Ke4 Kd6  1/2-1/2

[Event "TCh-BEL 2011-12"]
[Site "Belgium BEL"]
[Date "2011.12.04"]
[Round "5.1"]
[White "Wemmers,X"]
[Black "Winants,L"]
[Result "0-1"]
[WhiteElo "2414"]
[BlackElo "2540"]

1.d4 Nf6 2.c4 e6 3.Nc3 Bb4 4.f3 Nc6 5.a3 Bxc3+ 6.bxc3 b6 7.e4 Ba6 8.Bd3 Na5
9.Qe2 c5 10.Be3 Rc8 11.d5 d6 12.Nh3 exd5 13.cxd5 Bxd3 14.Qxd3 c4 15.Qe2 Nd7
16.O-O O-O 17.Bg5 Qc7 18.Qf2 Nb3 19.Ra2 Nbc5 20.Qg3 f6 21.Be3 Nd3 22.Kh1 N7c5
23.Ng1 Rce8 24.Ne2 f5 25.Bxc5 Nxc5 26.exf5 Rxf5 27.Qg4 Qf7 28.Qxc4 Qxd5 29.Qxd5+ Rxd5
30.Nf4 Rf5 31.g3 Re3 32.Rd1 g5 33.Nd5 Ree5 34.Nb4 Rxf3 35.Nc6 Ree3 36.Nxa7 Ne4
37.Rda1 Nxc3 38.Rc2 d5 39.a4 d4 40.Kg2 Rf6 41.Nb5 Nxb5 42.axb5 d3 43.Rc7 Rf7
44.Rc8+ Kg7 45.Rd8 g4 46.Kg1 h5 47.Rd6 Rf6 48.Rd5 Rfe6 49.Rd1 R6e5 50.Rd6 Rxb5
51.Rf1 Re7 52.Rxd3 Rbe5 53.Rb3 b5 54.Rb4 Rf7 55.Rfb1 Rff5 56.h3 gxh3 57.Kh2 Kf6
58.Kxh3 Ke6 59.R4b2 Kd6 60.Rd2+ Kc6 61.Rd8 Rc5 62.Rb8 Kc7 63.Rg8 Rc3 64.Rg7+ Kb6
65.Rg8 Rc7 66.g4 hxg4+ 67.Kxg4 Rff7 68.Rg6+ Rc6 69.Rg5 Rc4+ 70.Kg3 b4 71.Rg6+ Kb5
72.Rg5+ Rc5 73.Rg8 Rc3+ 74.Kg4 Rb7 75.Kf4 b3 76.Ke4 Kb4 77.Kd4 Rc4+ 78.Kd3 Rd7+
79.Ke3 Rcc7 80.Rg6 Kc3 81.Rc1+ Kb2 82.Rf1 Rc3+ 83.Ke4 Rc8 84.Rg2+ Ka3 85.Ra1+ Kb4
86.Ke5 Re8+ 87.Kf6 Rd4 88.Ra7 Rf4+ 89.Kg7 Re5 90.Rb7+ Rb5 91.Rc7 Ka3 92.Ra7+ Ra4
93.Rf7 b2 94.Rf3+ Ka2 95.Rf1 Ra7+ 96.Kg6 Ra6+  0-1

[Event "FSIM December 2011"]
[Site "Budapest HUN"]
[Date "2011.12.05"]
[Round "3"]
[White "Galyas,M"]
[Black "Krumpacnik,D"]
[Result "1-0"]
[WhiteElo "2468"]
[BlackElo "2377"]

1.d4 Nf6 2.c4 e6 3.Nc3 Bb4 4.f3 c5 5.d5 exd5 6.cxd5 d6 7.e4 O-O 8.Ne2 Nh5
9.g4 Qh4+ 10.Kd2 Nf6 11.Qe1 Qxe1+ 12.Kxe1 Nbd7 13.Kf2 a6 14.Ng3 g6 15.Bg5 Kg7
16.h4 h6 17.Be3 Ne5 18.Be2 Rh8 19.g5 hxg5 20.hxg5 Ne8 21.f4 Ng4+ 22.Bxg4 Bxg4
23.Rxh8 Kxh8 24.f5 gxf5 25.exf5 Nc7 26.Rh1+ Kg8 27.Rh4 Bxc3 28.bxc3 Bd1 29.c4 Bc2
30.Bd2 Kf8 31.g6 fxg6 32.Rh8+ Ke7 33.Rh7+ Kf6 34.Rxc7 b5 35.Bc3+ Kg5 36.f6 b4
37.Bb2 Bd3 38.f7 Bxc4 39.Bg7  1-0

[Event "14th Padova Open"]
[Site "Padova ITA"]
[Date "2011.12.15"]
[Round "6"]
[White "Petkov,V"]
[Black "De Santis,A"]
[Result "1-0"]
[WhiteElo "2542"]
[BlackElo "2318"]

1.d4 Nf6 2.c4 e6 3.Nc3 Bb4 4.f3 d5 5.a3 Be7 6.e4 dxe4 7.fxe4 e5 8.d5 Bc5
9.Nf3 Bg4 10.Bd3 O-O 11.h3 Bh5 12.Qe2 Nbd7 13.Bg5 Bxf3 14.Qxf3 a5 15.O-O-O c6
16.Bc2 Qc7 17.g4 Bd4 18.Ne2 c5 19.Nc3 Bxc3 20.Qxc3 Qd6 21.Rdf1 a4 22.Qg3 Ne8
23.Bd2 Qe7 24.Bc3 Nd6 25.Bd3 Rfe8 26.g5 Nb6 27.h4 Nbxc4 28.h5 Na5 29.g6 Nb3+
30.Kb1 fxg6 31.hxg6 h6 32.Rh5 Nd4 33.Bd2 c4 34.Bxh6 gxh6 35.Rxh6 cxd3 36.Rf7 d2
37.Rh8+  1-0

[Event "UTD GM Invitational"]
[Site "Richardson USA"]
[Date "2011.12.16"]
[Round "2"]
[White "Hughes,T"]
[Black "Hansen,Eric"]
[Result "1-0"]
[WhiteElo "2295"]
[BlackElo "2447"]

1.d4 Nf6 2.c4 e6 3.Nc3 Bb4 4.f3 c5 5.d5 O-O 6.e4 Re8 7.Ne2 d6 8.Ng3 a6 9.Be2 exd5
10.cxd5 Nbd7 11.O-O Ne5 12.Bg5 h6 13.Bd2 Bd7 14.Qc1 c4 15.Kh1 b5 16.a4 Rc8
17.axb5 axb5 18.Ra6 Bc5 19.Be3 b4 20.Bxc5 Rxc5 21.Nd1 Bc8 22.Ra8 Qc7 23.Ne3 g6
24.Nc2 Kh7 25.Qf4 Ng8 26.Rfa1 Re7 27.h3 b3 28.Nd4 Qb6 29.Nc6 Rc7 30.Rb8 R5xc6
31.Rxb6 Rxb6 32.Qe3 Rc5 33.f4 Nd7 34.Bg4 Ngf6 35.Bxd7 Nxd7 36.Ne2 Rc7 37.Qd4 Rbb7
38.Nc3 Nc5 39.Qxc4 f5 40.Nb5 fxe4 41.Nxc7 Rxc7 42.Ra8 Re7 43.Rxc8 e3 44.Qe2 Nd3
45.Qxd3 e2 46.Rc1  1-0

[Event "FIDE Women's World Teams"]
[Site "Mardin TUR"]
[Date "2011.12.18"]
[Round "1"]
[White "Sachdev,T"]
[Black "Gaponenko,I"]
[Result "1/2-1/2"]
[WhiteElo "2428"]
[BlackElo "2435"]

1.d4 Nf6 2.c4 e6 3.Nc3 Bb4 4.f3 d5 5.a3 Bxc3+ 6.bxc3 O-O 7.cxd5 exd5 8.e3 Bf5
9.Ne2 Nc6 10.Ng3 Bg6 11.Bd3 Na5 12.O-O c5 13.Bxg6 hxg6 14.e4 dxe4 15.fxe4 cxd4
16.cxd4 Nc4 17.Bg5 b5 18.e5 Qd5 19.Bxf6 gxf6 20.exf6 Rad8 21.Rf4 Rfe8 22.Rc1 Qg5
23.Qg4 Qxg4 24.Rxg4 Re6 25.a4 Ne3 26.Re4 Rxe4 27.Nxe4 bxa4 28.Kf2 Nf5 29.d5 a3
30.Rc3 Nd6 31.Nxd6 Rxd6 32.Rxa3 Rxd5 33.Rxa7  1/2-1/2

[Event "European Rapid 2011"]
[Site "Warsaw POL"]
[Date "2011.12.18"]
[Round "10"]
[White "Sadzikowski,D"]
[Black "Swiercz,D"]
[Result "1-0"]
[WhiteElo "2380"]
[BlackElo "2584"]

1.d4 Nf6 2.c4 e6 3.Nc3 Bb4 4.f3 d5 5.a3 Bxc3+ 6.bxc3 c5 7.cxd5 exd5 8.e3 Qc7
9.Bd2 Bf5 10.Bb5+ Nbd7 11.Ne2 O-O 12.g4 Bg6 13.Nf4 Nb6 14.h4 cxd4 15.cxd4 Bc2
16.Qe2 a6 17.Bd3 Bxd3 18.Qxd3 Rac8 19.g5 Nfd7 20.Kf2 Rfe8 21.Rac1 Qd6 22.Bb4 Qb8
23.Rce1 Qc7 24.Re2 Qc6 25.h5 Nc4 26.Qf5 a5 27.g6 Nf6 28.gxh7+ Nxh7 29.Be1 Nf6
30.h6 Nd6 31.Qh3 g6 32.h7+ Kh8 33.Qh4 Nf5 34.Qg5 b6 35.Bd2 Qd6 36.Nd3 Qe7
37.Ne5 Rc7 38.Qf4 Rc2 39.Bc1 Rxe2+ 40.Kxe2 Qe6 41.Kd2 Rc8 42.Bb2 Nh5 43.Rxh5 gxh5
44.e4 Nd6 45.exd5 Qf5 46.Qxf5 Nxf5 47.Nxf7+ Kxh7 48.d6 h4 49.d7 Rg8 50.d5 h3
51.Be5 Kg6 52.d8=Q Rxd8 53.Nxd8 Nd4 54.Ke3 Nc2+ 55.Ke4 Nxa3 56.Ne6 Kf7 57.Ng5+ Ke7
58.Nxh3 Nc4 59.Kd4 Nd2 60.f4 b5 61.Nf2 b4 62.Ne4 Nf3+ 63.Kc4 Kd7 64.Kb3 Ne1  1-0

[Event "UTD GM Invitational"]
[Site "Richardson USA"]
[Date "2011.12.19"]
[Round "7"]
[White "Hughes,T"]
[Black "Pavlovic,MilosM"]
[Result "0-1"]
[WhiteElo "2295"]
[BlackElo "2486"]

1.d4 Nf6 2.c4 e6 3.Nc3 Bb4 4.f3 c5 5.d5 Nh5 6.Nh3 d6 7.Nf2 O-O 8.e4 exd5
9.cxd5 Nd7 10.Be2 Qf6 11.Qd2 Nf4 12.Ng4 Qd4 13.Qxd4 cxd4 14.Bxf4 dxc3 15.O-O-O cxb2+
16.Kxb2 f6 17.Ne3 Ne5 18.g4 Bc5 19.Nc2 Bd7 20.Nd4 Ba4 21.Nb3 a5 22.Nxc5 Bxd1
23.Rxd1 dxc5 24.d6 Nd7 25.Bc4+ Kh8 26.Be6 Rfd8 27.g5 Ra6 28.gxf6 gxf6 29.Rd5 Ne5
30.Rxe5 Rdxd6 31.Bc4 Rab6+ 32.Kc3 fxe5 33.Bxe5+ Rf6 34.Bd5 Kg7 35.Kc4 Rb4+
36.Kd3 b5 37.f4 Ra4 38.f5 c4+ 39.Ke3 Rxa2 40.Bd4 Ra3+ 41.Kf4 Rd3 42.Be5 c3
43.Bxf6+ Kxf6 44.e5+ Ke7 45.f6+ Kf8 46.Bb3 a4 47.Bc2 Rd2 48.Bxh7 c2 49.e6 c1=Q
50.e7+ Kf7 51.Bg6+ Kxf6  0-1

[Event "FIDE Women's World Teams"]
[Site "Mardin TUR"]
[Date "2011.12.20"]
[Round "3"]
[White "Galojan,L"]
[Black "Zhao Xue"]
[Result "0-1"]
[WhiteElo "2383"]
[BlackElo "2541"]

1.d4 Nf6 2.c4 e6 3.Nc3 Bb4 4.f3 d5 5.a3 Bxc3+ 6.bxc3 c5 7.cxd5 Nxd5 8.dxc5 f5
9.Nh3 Qa5 10.Qd3 Nd7 11.e3 Nxc5 12.Qb5+ Qxb5 13.Bxb5+ Bd7 14.Bxd7+ Kxd7 15.Nf4 Nb6
16.e4 fxe4 17.Be3 Rac8 18.Rd1+ Ke7 19.O-O Nc4 20.Bd4 e3 21.Rfe1 Rhf8 22.Nd3 Nxd3
23.Rxd3 Rfd8 24.Kf1 Rd5 25.Rdd1 e5 26.Bxa7 Rxd1 27.Rxd1 b6 28.Ke2 Ra8 29.Bxb6 Nxb6
30.Rb1 Nd5 31.Rb7+ Kf6 32.c4 Nf4+ 33.Kxe3 Rxa3+ 34.Ke4 Ra2 35.Rb6+ Ne6 36.g4 Re2+
37.Kd3 Rxh2 38.c5 Ke7 39.Rb7+ Kd8 40.Kc4 Nc7 41.Rb8+ Kd7 42.Rg8 g6 43.Rg7+ Kc6
44.Rf7 Nd5 45.Ra7 Rc2+ 46.Kd3 Rc3+ 47.Ke2 Kxc5 48.Rxh7 Nf4+  0-1

[Event "FIDE Women's World Teams"]
[Site "Mardin TUR"]
[Date "2011.12.20"]
[Round "3"]
[White "Danielian,E"]
[Black "Hou Yifan"]
[Result "0-1"]
[WhiteElo "2497"]
[BlackElo "2578"]

1.d4 e6 2.c4 Nf6 3.Nc3 Bb4 4.f3 d5 5.a3 Bxc3+ 6.bxc3 c5 7.cxd5 Nxd5 8.dxc5 f5
9.Nh3 Qa5 10.e3 Nc6 11.Qd2 Qxc5 12.c4 Nb6 13.Qc3 e5 14.Rb1 Be6 15.Bd3 Rd8
16.Nf2 O-O 17.O-O a6 18.a4 Nd5 19.Qa3 Ndb4 20.a5 Nxd3 21.Nxd3 Qxa3 22.Bxa3 Rxd3
23.Bxf8 Kxf8 24.Rxb7 Nxa5 25.Rc7 Bxc4 26.e4 Bb5 27.exf5 Nc4 28.Re1 Rd7 29.Rc5 Kf7
30.Re4 Nb2 31.Rcxe5 Nd3 32.Re6 Rc7 33.g4 Nc5 34.Kf2 Nxe6 35.fxe6+ Ke7 36.f4 Rc4
37.Rxc4 Bxc4 38.f5 Bxe6  0-1

[Event "XLI Rilton Cup 2011-12"]
[Site "Stockholm SWE"]
[Date "2011.12.27"]
[Round "1"]
[White "Lokander,M"]
[Black "Lindberg,Be"]
[Result "0-1"]
[WhiteElo "2151"]
[BlackElo "2415"]

1.d4 Nf6 2.c4 e6 3.Nc3 Bb4 4.f3 d5 5.a3 Bxc3+ 6.bxc3 c5 7.cxd5 Nxd5 8.dxc5 Qa5
9.e4 Ne7 10.Be3 O-O 11.Qb3 Qc7 12.Bb5 Nec6 13.Ne2 Na5 14.Qb4 Na6 15.Bxa6 bxa6
16.Bf4 e5 17.Bxe5 Qxe5 18.Qxa5 Be6 19.Nd4 Bc4 20.Qb4 Bd3 21.Nf5 Rfd8 22.Nd6 Qg5
23.Kf2 Rab8 24.Rhd1 Rxb4 25.axb4 Bb5 26.c4 Be8 27.Rxa6 Qe5 28.Ra2 Rb8 29.Rd5 Qxh2
30.b5 Bd7 31.Rad2 Be6 32.R5d3 h5 33.c6 h4 34.Ke3 g5 35.c7 Rf8  0-1

[Event "XLI Rilton Cup 2011-12"]
[Site "Stockholm SWE"]
[Date "2011.12.27"]
[Round "1"]
[White "Cramling,D"]
[Black "Berggren,J"]
[Result "0-1"]
[WhiteElo "2392"]
[BlackElo "2150"]

1.d4 Nf6 2.c4 e6 3.Nc3 Bb4 4.f3 O-O 5.Bg5 d5 6.cxd5 exd5 7.a3 Bxc3+ 8.bxc3 Re8
9.Qd2 h6 10.Bf4 Qe7 11.g4 Nc6 12.Bg3 Na5 13.Qf4 Nc4 14.a4 c5 15.Bf2 g5 16.Qc1 Nxg4
17.e4 Nxf2 18.Kxf2 Na5 19.Qe3 cxd4 20.cxd4 dxe4 21.Bb5 Bd7 22.Bxd7 Qxd7 23.fxe4 Nc4
24.Qd3 Ne5 25.Qd2 Ng4+ 26.Kg2 Rxe4 27.Nf3 Ne3+ 28.Kf2 Qh3 29.Rhg1 Ng4+ 30.Rxg4 Rxg4  0-1

[Event "Hastings Masters 2011-12"]
[Site "Hastings ENG"]
[Date "2011.12.28"]
[Round "1.3"]
[White "Krishna,CRG"]
[Black "Istratescu,A"]
[Result "0-1"]
[WhiteElo "2305"]
[BlackElo "2627"]

1.d4 Nf6 2.c4 e6 3.Nc3 Bb4 4.f3 c5 5.a3 Ba5 6.e3 d5 7.dxc5 Bxc3+ 8.bxc3 Qa5
9.cxd5 exd5 10.Qb3 O-O 11.Bb5 Bd7 12.Rb1 Na6 13.Ne2 Nxc5 14.Qb4 Qc7 15.O-O Bxb5
16.Qxb5 Rac8 17.Rd1 a6 18.Qb6 Qe5 19.Rd4 Rc6 20.Qb2 b5 21.Qa2 Na4 22.Bd2 Rfc8
23.Rf1 h6 24.Qb1 Nb6 25.Bc1 Nc4 26.e4 dxe4 27.fxe4 Re8 28.Ng3 Qc5 29.Rf5 Ne5
30.Ne2 Qb6 31.Qc2 Rce6 32.Kh1 Nc6  0-1

[Event "XLI Rilton Cup 2011-12"]
[Site "Stockholm SWE"]
[Date "2011.12.30"]
[Round "4"]
[White "Cramling,D"]
[Black "Lokander,M"]
[Result "0-1"]
[WhiteElo "2392"]
[BlackElo "2151"]

1.d4 Nf6 2.c4 e6 3.Nc3 Bb4 4.f3 d5 5.a3 Bxc3+ 6.bxc3 c5 7.cxd5 Nxd5 8.dxc5 f5
9.Nh3 Qa5 10.Nf4 Nc6 11.Nxd5 exd5 12.Qb3 Qxc5 13.a4 Bd7 14.Ba3 Qe3 15.Rd1 O-O-O
16.Rd3 Qh6 17.a5 Nxa5 18.Qxd5 Nc6 19.Bd6 Be6 20.Qc5 Rhe8 21.e3 Bc4 22.Qxc4 Rxe3+
23.Kf2 Rxd3 24.Bxd3 Qxd6 25.Bxf5+ Kb8 26.Bxh7 Ne5 27.Qe4 Nd3+ 28.Ke2 Qb6
29.Qh4 g5 30.Qxg5 Qb2+ 31.Ke3 Qf2+ 32.Ke4 Qe2+  0-1

[Event "XLI Rilton Cup 2011-12"]
[Site "Stockholm SWE"]
[Date "2011.12.30"]
[Round "4"]
[White "Luukkonen,T"]
[Black "Kassani,Sam"]
[Result "1/2-1/2"]
[WhiteElo "2252"]
[BlackElo "1998"]

1.d4 Nf6 2.c4 e6 3.Nc3 Bb4 4.f3 d5 5.a3 Bxc3+ 6.bxc3 c5 7.cxd5 Nxd5 8.dxc5 Qa5
9.e4 Nc7 10.Be3 Qxc3+ 11.Kf2 Nc6 12.Rc1 Qxa3 13.Qd6 Qb2+ 14.Kg3 Nb5 15.Bxb5 Qxb5
16.Nh3 h5 17.Nf4 h4+ 18.Kf2 Qb2+ 19.Ne2 Qe5 20.Qd2 O-O 21.Bg5 f6 22.Bxh4 Rd8
23.Qe3 Qh5 24.Bg3 e5 25.Rb1 Qf7 26.Nc3 Be6 27.Nb5 b6 28.cxb6 axb6 29.Rhd1 Ra2+
30.Kg1 Rxd1+ 31.Rxd1 Bb3 32.Rc1 Na5 33.Qxb6 Qd7 34.Nd6 Rd2 35.Qxa5 Qxd6 36.Qc3 Be6
37.h4 Ra2 38.Bf2 Kh7 39.Bc5 Qa6 40.Rc2 Ra1+ 41.Kh2 Qf1 42.Be3 Qh1+ 43.Kg3 Rf1
44.Qd3 Kg6 45.f4 exf4+ 46.Bxf4 Rd1 47.Bd2 Bh3 48.h5+ Kh7 49.e5+ f5 50.Qf3 Rf1
51.Qc6 f4+ 52.Bxf4 Bf5 53.Rc1 Rxc1 54.Qxc1 Qxh5 55.Kf2 Qh4+ 56.Kg1 Qg4 57.Qe3 Qd1+
58.Kh2 Qh5+ 59.Kg3 Qg4+ 60.Kf2  1/2-1/2

[Event "XLI Rilton Cup 2011-12"]
[Site "Stockholm SWE"]
[Date "2012.01.03"]
[Round "7"]
[White "Lokander,M"]
[Black "Luukkonen,T"]
[Result "1-0"]
[WhiteElo "2151"]
[BlackElo "2252"]

1.d4 Nf6 2.c4 e6 3.Nc3 Bb4 4.f3 c5 5.a3 Bxc3+ 6.bxc3 O-O 7.e4 Ne8 8.f4 b6
9.Nf3 Ba6 10.Bd3 f5 11.e5 d5 12.cxd5 Qxd5 13.Bxa6 Nxa6 14.Qd3 Nec7 15.Qe2 cxd4
16.cxd4 Qa5+ 17.Bd2 Qa4 18.O-O Rac8 19.Kh1 Nb5 20.d5 exd5 21.e6 Qc4 22.Qf2 Nc5
23.e7 Rfe8 24.Qh4 d4 25.Rac1 Qf7 26.Rfe1 Ne4 27.Rxc8 Rxc8 28.Ng5 Qg6 29.Nxe4 fxe4
30.Qh3 Nd6 31.Bb4 Nf5 32.Rxe4 Rc1+ 33.Re1 Rxe1+ 34.Bxe1 Nxe7 35.Qd7 Qf6 36.Bh4 Qxf4
37.Qd8+ Qf8 38.Bxe7 Qxd8 39.Bxd8 Kf7 40.Kg1 Ke6 41.Kf1 Kd5 42.Ke2 Kc4 43.Kd2 g6
44.h4  1-0

[Event "ch-AUS 2011-12"]
[Site "North Geelong AUS"]
[Date "2012.01.04"]
[Round "8.8"]
[White "Steadman,M"]
[Black "Muller,J"]
[Result "1-0"]
[WhiteElo "2269"]
[BlackElo "2023"]

1.d4 Nf6 2.c4 e6 3.Nc3 Bb4 4.f3 d5 5.a3 Bxc3+ 6.bxc3 c5 7.cxd5 Nxd5 8.dxc5 Qa5
9.e4 Ne7 10.Be3 Nbc6 11.Qb3 O-O 12.Rd1 e5 13.Bc4 Qc7 14.Bd5 Na5 15.Qb4 Bd7
16.Ne2 Rac8 17.O-O Bc6 18.c4 Ng6 19.Nc3 a6 20.Ne2 Bd7 21.Rb1 Rb8 22.Rfd1 Rfc8
23.Qd2 Nf8 24.f4 Ne6 25.Rb6 exf4 26.Nxf4 Nxf4 27.Bxf4 Qxc5+ 28.Qd4 Bg4 29.Qxc5 Rxc5
30.Rdb1 Rd8 31.Be3 Rc7 32.R6b4 Nc6 33.Rxb7 Rdc8 34.Bf4 Rxb7 35.Rxb7 Be6 36.Rb6 Na5
37.Rxe6  1-0

[Event "XLI Rilton Cup 2011-12"]
[Site "Stockholm SWE"]
[Date "2012.01.04"]
[Round "8"]
[White "Volkov,Sergey1"]
[Black "Ivanov,Sergey1"]
[Result "1/2-1/2"]
[WhiteElo "2626"]
[BlackElo "2537"]

1.d4 Nf6 2.c4 e6 3.Nc3 Bb4 4.f3 d5 5.a3 Be7 6.e4 O-O 7.cxd5 exd5 8.e5 Ne8
9.f4 c5 10.Nf3 cxd4 11.Nxd4 Nc6 12.Be3 Nc7 13.Be2 Ne6 14.Nxc6 bxc6 15.f5 Bc5
16.Bxc5 Nxc5 17.O-O Qe7 18.f6 Qxe5 19.fxg7 Kxg7 20.Bf3 Bf5 21.Qd2 Rfe8 22.Rae1 Ne4
23.Bxe4 Bxe4 24.Ne2 c5 25.b4 cxb4 26.axb4 Rac8 27.Nd4 Rc4 28.Nf5+ Kh8 29.Nh6 Qd4+
30.Qxd4+ Rxd4 31.Nxf7+ Kg7 32.Nd6 Re6 33.Rxe4  1/2-1/2

[Event "Northern California International"]
[Site "Fremont USA"]
[Date "2012.01.05"]
[Round "5"]
[White "Coleman,T"]
[Black "Smith,Bry"]
[Result "0-1"]
[WhiteElo "2356"]
[BlackElo "2460"]

1.d4 Nf6 2.c4 e6 3.Nc3 Bb4 4.f3 c5 5.d5 b5 6.e4 O-O 7.Bg5 h6 8.Bh4 Re8 9.a4 exd5
10.Bxf6 Qxf6 11.cxd5 Bxc3+ 12.bxc3 Qxc3+ 13.Kf2 Qb2+ 14.Ne2 b4 15.Rb1 Qf6
16.Ng3 d6 17.Bb5 Bd7 18.Bc4 a5 19.Re1 Na6 20.Ne2 Nc7 21.Kg1 Rab8 22.Bb3 Na8
23.Qd3 Nb6 24.f4 Nxa4 25.Qc2 Nb6 26.e5 Qf5 27.Qc1 c4 28.Bc2 Qg4 29.h3 Qh4
30.e6 fxe6 31.dxe6 Rxe6 32.f5 Re5 33.f6 Qxf6 34.Rf1 Qg5 35.Nf4 Nd5 36.Nxd5 Qxc1
37.Rbxc1 Rxd5 38.Bg6 Rc5 39.Rce1 Re5 40.Rd1 Be8 41.Bb1 d5 42.Rd4 Rb6  0-1

[Event "37th Seville Open"]
[Site "Seville ESP"]
[Date "2012.01.08"]
[Round "2"]
[White "Morales Araujo,F"]
[Black "Teske,H"]
[Result "0-1"]
[WhiteElo "2112"]
[BlackElo "2550"]

1.d4 Nf6 2.c4 e6 3.Nc3 Bb4 4.f3 d5 5.a3 Bxc3+ 6.bxc3 O-O 7.Nh3 c5 8.dxc5 Na6
9.cxd5 Nxc5 10.d6 Qa5 11.e4 Rd8 12.Be2 Ne8 13.Bf4 e5 14.Bxe5 Nxe4 15.Qd4 N4xd6
16.O-O Bxh3 17.gxh3 Nc4 18.Bxc4 Rxd4 19.cxd4 Rc8 20.Rfc1 Kf8 21.a4 Qd2 22.Kh1 Qe3
23.Kg2 Rxc4  0-1

[Event "37th Seville Open"]
[Site "Seville ESP"]
[Date "2012.01.12"]
[Round "6"]
[White "Morales Araujo,F"]
[Black "Fernandez Romero,Ern"]
[Result "0-1"]
[WhiteElo "2112"]
[BlackElo "2471"]

1.d4 Nf6 2.c4 e6 3.Nc3 Bb4 4.f3 c5 5.a3 Bxc3+ 6.bxc3 Nc6 7.e3 d6 8.Nh3 e5
9.Nf2 O-O 10.d5 Na5 11.Bd3 b6 12.Rb1 Ba6 13.Qe2 e4 14.Nxe4 Nxe4 15.Bxe4 Bxc4
16.Qc2 Qh4+ 17.g3 Qh5 18.g4 Qh3 19.Kf2 g6 20.Bb2 Qh4+ 21.Kg1 Rae8 22.Qf2 Qxf2+
23.Kxf2 Rxe4 24.fxe4 Bd3 25.Rbd1 Bxe4 26.Rhg1 Nc4 27.Bc1 Re8 28.g5 Re5 29.Rg4 b5
30.Rxe4 Rxe4 31.Kf3 Re8 32.e4 Kf8 33.Bf4 Ke7 34.Ra1 a5 35.Ke2 f5 36.exf5 gxf5
37.h4 Kf7+ 38.Kf3 Rb8 39.Re1 b4 40.axb4 axb4 41.cxb4 cxb4 42.Ke2 Re8+ 43.Kd1 Nb2+  0-1

[Event "TCh-AUT 2 Ost 2011-12"]
[Site "Vienna AUT"]
[Date "2012.01.14"]
[Round "5"]
[White "Wiedermann,D"]
[Black "Baumegger,S"]
[Result "0-1"]
[WhiteElo "2220"]
[BlackElo "2419"]

1.d4 Nf6 2.c4 e6 3.Nc3 Bb4 4.f3 d5 5.a3 Bxc3+ 6.bxc3 c5 7.cxd5 exd5 8.e3 Qc7
9.Ne2 Nc6 10.Ra2 Bf5 11.Ng3 Bg6 12.Bd3 cxd4 13.cxd4 O-O 14.O-O Rac8 15.Re2 Rfe8
16.Bb2 Qb6 17.Kh1 Na5 18.Bxg6 hxg6 19.e4 Nc4 20.Bc1 dxe4 21.fxe4 Rcd8 22.d5 Ng4
23.Qa4 Qc5 24.Qb4 Qxb4 25.axb4 f6 26.Rf3 Rc8 27.Rc3 Nd6 28.Bb2 Rxc3 29.Bxc3 Nxe4
30.Nxe4 Rxe4 31.Rxe4 Nf2+ 32.Kg1 Nxe4 33.Bd4 a6 34.Kf1 Kf7 35.Ke2 Ke7 36.Kd3 Nd6
37.Bc5 Kd7 38.Bf2 Kc7 39.Bg3 b6 40.Kc3 Kd7 41.Be1 g5 42.Kd4 g4 43.h4 gxh3
44.gxh3 Nf7 45.h4 g6 46.Bg3 Ne5 47.Ke4 a5 48.bxa5 bxa5 49.Be1 a4 50.Bb4 Nc4
51.Kd4 Nd6 52.Be1 a3 53.Kc3 Ne4+ 54.Kb3 Kd6 55.Kxa3 Kxd5 56.Kb3 Kd4 57.Kc2 Ke3
58.Bb4 Ke2 59.Be7 f5  0-1

[Event "10th Parsvnath Open"]
[Site "New Delhi IND"]
[Date "2012.01.16"]
[Round "3"]
[White "Bai,Jinshi"]
[Black "Debashish,Du"]
[Result "1-0"]
[WhiteElo "2180"]
[BlackElo "2129"]

1.d4 Nf6 2.c4 e6 3.Nc3 Bb4 4.f3 Nc6 5.e4 e5 6.d5 Nd4 7.Be3 Bc5 8.Bf2 c6 9.a3 d6
10.Nge2 Nxe2 11.Qxe2 Bxf2+ 12.Qxf2 cxd5 13.cxd5 O-O 14.g3 Nh5 15.Bg2 f5 16.exf5 Bxf5
17.O-O Qd7 18.g4 Bd3 19.gxh5 Bxf1 20.Rxf1 Rf4 21.Ne4 Qb5 22.Qd2 h6 23.Kh1 Raf8
24.Rc1 Qe8 25.Nxd6 Qxh5 26.Ne4 Rh4 27.d6 Qf5 28.d7 Rd8 29.Rc8 Qf8 30.Qd6  1-0

[Event "Gibraltar Open"]
[Site "Caleta ENG"]
[Date "2012.01.25"]
[Round "2.64"]
[White "Coleman,T"]
[Black "Mastalerz,X"]
[Result "1/2-1/2"]
[WhiteElo "2356"]
[BlackElo "2135"]

1.d4 e6 2.c4 Nf6 3.Nc3 Bb4 4.f3 d5 5.a3 Bxc3+ 6.bxc3 c5 7.cxd5 Nxd5 8.dxc5 Qa5
9.e4 Nc7 10.Qd4 f6 11.Qb4 Nc6 12.Qxa5 Nxa5 13.Rb1 e5 14.f4 exf4 15.Bxf4 Ne6
16.Rb5 Bd7 17.Rxa5 Nxf4 18.g3 Ne6 19.Nf3 Rc8 20.Rxa7 Nxc5 21.Nd4 O-O 22.Bc4+ Kh8
23.Bd5 Ra8 24.Rxa8 Rxa8 25.Nc2 f5 26.Kd2 fxe4 27.Rb1 h6 28.Rb4 Rd8 29.Nd4 Ra8
30.Nc2 Rd8 31.Ne3 Ra8 32.Nc4 Rd8 33.Ne3 Ra8 34.Nc4 Rd8 35.Nb6 Bc6 36.Rd4 Rf8
37.Ke2 Bxd5 38.Rxd5 Nd3 39.Ke3 Rf6 40.Rb5 Nf2 41.Nd5 Rf3+ 42.Ke2 Ng4 43.h3 Nf6
44.Ne3 Rxg3 45.h4 Rh3 46.Rxb7 Rxh4 47.a4 Rh2+ 48.Ke1 Ra2 49.Ra7 h5 50.Nf5  1/2-1/2

[Event "ch-TUR 2012"]
[Site "Kemer TUR"]
[Date "2012.01.29"]
[Round "2"]
[White "Ercan,F"]
[Black "Taskiran,Recep"]
[Result "1-0"]
[WhiteElo "2022"]
[BlackElo "1816"]

1.c4 Nf6 2.Nc3 e6 3.d4 Bb4 4.f3 c5 5.a3 Bxc3+ 6.bxc3 O-O 7.e4 d6 8.Bd3 Nc6
9.Ne2 Qc7 10.Bg5 Ne8 11.O-O b6 12.f4 f6 13.Bh4 Na5 14.d5 exd5 15.cxd5 c4
16.Bc2 Bg4 17.h3 Bxe2 18.Qxe2 g6 19.Bf2 Ng7 20.Bd4 Rae8 21.Rfe1 Nf5 22.Bf2 Qg7
23.Qf3 Nh6 24.Bd4 Nf7 25.g4 g5 26.Re3 Qh6 27.Rf1 Nb3 28.fxg5 Nxg5 29.Qg3 Nxd4
30.cxd4 Qg6 31.Rf5 Rd8 32.h4 Nf7 33.e5 Kh8 34.h5 Qg8 35.e6 Nh6 36.e7 Nxf5
37.Bxf5 Qxd5 38.exd8=Q Rxd8 39.Qf4 Qf7 40.Be6 Qg7 41.Bxc4 f5 42.g5 Rf8 43.Re6 Qc7
44.Be2 Rg8 45.g6 Qc3 46.Rxd6 Qe1+ 47.Bf1 Re8 48.Rd7 Re4 49.Rxh7+ Kg8 50.Qb8+ Re8
51.Qxe8+ Qxe8 52.Bc4+  1-0

[Event "Gibraltar Open"]
[Site "Caleta ENG"]
[Date "2012.01.30"]
[Round "7.31"]
[White "Coleman,T"]
[Black "Lupulescu,C"]
[Result "0-1"]
[WhiteElo "2356"]
[BlackElo "2648"]

1.d4 Nf6 2.c4 e6 3.Nc3 Bb4 4.f3 c5 5.d5 O-O 6.e4 Re8 7.Bd2 d6 8.Nge2 Nbd7
9.Nf4 Ne5 10.Be2 h6 11.O-O g5 12.Nd3 Nxc4 13.Nxb4 Nxd2 14.Qxd2 cxb4 15.Nb5 Qb6+
16.Kh1 a6 17.Nd4 exd5 18.exd5 Nxd5 19.Bd3 Bd7 20.Bf5 Bb5 21.Rfe1 Re5 22.Rxe5 dxe5
23.Nxb5 Qxb5 24.h4 Nf4 25.hxg5 hxg5 26.g3 Qe2 27.Qxe2 Nxe2 28.Kg2 Rd8 29.Kh3 Rd2
30.b3 Nd4 31.Be4 f5 32.Bxb7 Kg7  0-1